<?xml version="1.0" encoding="UTF-8"?>
<record
    xmlns:xsi="http://www.w3.org/2001/XMLSchema-instance"
    xsi:schemaLocation="http://www.loc.gov/MARC21/slim http://www.loc.gov/standards/marcxml/schema/MARC21slim.xsd"
    xmlns="http://www.loc.gov/MARC21/slim">

  <leader>00915nam a2200277Ia 4500</leader>
  <controlfield tag="008">160319s9999    xx            000 0 und d</controlfield>
  <datafield tag="020" ind1=" " ind2=" ">
    <subfield code="a">9719344636</subfield>
  </datafield>
  <datafield tag="050" ind1=" " ind2=" ">
    <subfield code="a">Fil 700.1 </subfield>
  </datafield>
  <datafield tag="050" ind1=" " ind2=" ">
    <subfield code="b">S237n 2008</subfield>
  </datafield>
  <datafield tag="100" ind1=" " ind2=" ">
    <subfield code="a">Santos, Roland</subfield>
  </datafield>
  <datafield tag="245" ind1=" " ind2=" ">
    <subfield code="a">Nostalgia /</subfield>
  </datafield>
  <datafield tag="245" ind1=" " ind2=" ">
    <subfield code="c">by Rolando Santos ; text, Marlene Aguilar ; writer, Angela Blardony-Ureta ; contributing writer, Cid Reyes ; editor, Marlene Aguilar ; design and layout, Alexander Pascual ; photography, Demetrio Dela Cruz.</subfield>
  </datafield>
  <datafield tag="250" ind1=" " ind2=" ">
    <subfield code="a">1st edition.</subfield>
  </datafield>
  <datafield tag="260" ind1=" " ind2=" ">
    <subfield code="a">Manila :</subfield>
  </datafield>
  <datafield tag="260" ind1=" " ind2=" ">
    <subfield code="b">Jamayco Publishing House</subfield>
  </datafield>
  <datafield tag="260" ind1=" " ind2=" ">
    <subfield code="c">2008</subfield>
  </datafield>
  <datafield tag="300" ind1=" " ind2=" ">
    <subfield code="a">176 pages :</subfield>
  </datafield>
  <datafield tag="300" ind1=" " ind2=" ">
    <subfield code="b">color illustrations :</subfield>
  </datafield>
  <datafield tag="300" ind1=" " ind2=" ">
    <subfield code="c">29 cm.</subfield>
  </datafield>
  <datafield tag="500" ind1=" " ind2=" ">
    <subfield code="a">"A Philippine Heritage book."</subfield>
  </datafield>
  <datafield tag="650" ind1=" " ind2=" ">
    <subfield code="a">Painting -- Philippines.</subfield>
  </datafield>
  <datafield tag="650" ind1=" " ind2=" ">
    <subfield code="a">Santos, Rolando.</subfield>
  </datafield>
  <datafield tag="700" ind1=" " ind2=" ">
    <subfield code="a">Aguilar, Marlene., added author.</subfield>
  </datafield>
  <datafield tag="700" ind1=" " ind2=" ">
    <subfield code="a">Blardony-Ureta, Angela.</subfield>
  </datafield>
  <datafield tag="700" ind1=" " ind2=" ">
    <subfield code="a">Reyes, Cid.</subfield>
  </datafield>
  <datafield tag="999" ind1=" " ind2=" ">
    <subfield code="c">292357</subfield>
    <subfield code="d">292357</subfield>
  </datafield>
  <datafield tag="952" ind1=" " ind2=" ">
    <subfield code="0">0</subfield>
    <subfield code="1">0</subfield>
    <subfield code="4">0</subfield>
    <subfield code="a">SSISB</subfield>
    <subfield code="b">SSISB</subfield>
    <subfield code="c">FIL</subfield>
    <subfield code="d">2016-03-19</subfield>
    <subfield code="l">0</subfield>
    <subfield code="o">Fil 700.1 S237n 2008</subfield>
    <subfield code="p">US - 1993</subfield>
    <subfield code="r">2016-03-19 00:00:00</subfield>
    <subfield code="w">2016-03-19</subfield>
    <subfield code="y">BK</subfield>
  </datafield>
</record>
